Traducción y enriquecimiento de la Lengua del Traductor: discurso leído el día 27 de Enero de 1985, en su recepción Pública, por el Excmo. Sr. don Valentín García Yebra y contestación del Excmo. Sr. don Antonio Tovar Llorente
Gespeichert in:
| Hauptverfasser: | , |
|---|---|
| Format: | Buch |
| Sprache: | Spanisch |
| Veröffentlicht: |
Madrid
Real Academia Española
1985
|
| Ausgabe: | 1a. ed |
| Schlagworte: | |
| Tags: |
Tag hinzufügen
Keine Tags, Fügen Sie den ersten Tag hinzu!
|
MARC
| LEADER | 00000nam a2200000 a 4500 | ||
|---|---|---|---|
| 001 | UCJ3036 | ||
| 003 | CL-VaPUC | ||
| 008 | 070119e19850127SP |||||||||||||||||spa|d | ||
| 020 | |a 846003805X | ||
| 082 | 0 | 4 | |a 418.02 |b GAR |2 21 |
| 100 | |a García Yebra, Valentín |e author |9 592146 | ||
| 700 | 0 | |a Tovar Llorente, Antonio |e author |9 504159 | |
| 245 | 1 | 0 | |a Traducción y enriquecimiento de la Lengua del Traductor: discurso leído el día 27 de Enero de 1985, en su recepción Pública, por el Excmo. Sr. don Valentín García Yebra y contestación del Excmo. Sr. don Antonio Tovar Llorente |
| 250 | |a 1a. ed | ||
| 300 | |a 188 p | ||
| 942 | |c BK | ||
| 945 | |d 20070119 00:00:00 |a lvergara | ||
| 260 | |a Madrid |b Real Academia Española |c 1985 | ||
| 500 | |a Donación de la Dra. Marianne Peronard Thierry | ||
| 650 | 0 | |a Traducción e interpretación |9 315998 | |
| 650 | 0 | |a Semántica |9 265318 | |
| 650 | 0 | |a Análisis del discurso |9 256696 | |
| 583 | |a last modification |c 20070119 00:00:00 |k Rodrigo Vera | ||
| 999 | |c 319159 |d 319157 | ||
| 952 | |0 0 |1 0 |4 0 |6 418_020000000000000_GAR_1985 |7 0 |8 A |9 397404 |a FDOPOS |b FDOPOS |d 2019-11-22 |i 4311655 |o 418.02 GAR 1985 |p 4311655 |r 2025-01-22 |w 2019-11-22 |y BK |k MLA | ||